NLSUI OPAC header image

Legal reason : The use of analogy in legal argument (Record no. 22289)

MARC details
000 -LEADER
fixed length control field 01067nam a2200241Ia 4500
003 - CONTROL NUMBER IDENTIFIER
control field OSt
005 - DATE AND TIME OF LATEST TRANSACTION
control field 20210920155003.0
008 - FIXED-LENGTH DATA ELEMENTS--GENERAL INFORMATION
fixed length control field 160316s2005 xxu||||| |||| 00| 0 eng d
020 ## - INTERNATIONAL STANDARD BOOK NUMBER
International Standard Book Number 9780521614900
020 ## - INTERNATIONAL STANDARD BOOK NUMBER
International Standard Book Number 0521614902
040 ## - CATALOGING SOURCE
Transcribing agency nls
082 ## - DEWEY DECIMAL CLASSIFICATION NUMBER
Classification number 340.110000
Item number WEI
100 ## - MAIN ENTRY--PERSONAL NAME
Personal name Weinberg Lloyd
245 ## - TITLE STATEMENT
Title Legal reason : The use of analogy in legal argument
260 ## - PUBLICATION, DISTRIBUTION, ETC.
Place of publication, distribution, etc. Cambridge
Name of publisher, distributor, etc. Cambridge University Press
Date of publication, distribution, etc. 2005
300 ## - PHYSICAL DESCRIPTION
Extent 184p
Dimensions VII
365 ## - TRADE PRICE
Price amount Rs.895
505 ## - FORMATTED CONTENTS NOTE
Formatted contents note Contents:<br/>Preface page vii;<br/>Introduction 1;<br/>1 Analogy and Inductive and Deductive Reasoning 19;<br/>2 Steamboats, Broadcast Transmissions, and Electronic Eavesdropping 41;<br/>3 Analogical Legal Reasoning 65;<br/>4 Analogical Reasoning, Legal Education, and the Law 123;<br/>Appendix A: Note on Analogical Reasoning 163;<br/>Appendix B: Biographical Notes 169;<br/>Notes 173;<br/>Index 181. <br/><br/>
650 ## - SUBJECT ADDED ENTRY--TOPICAL TERM
Topical term or geographic name entry element 1. Law - Legal Reasoning 2. Law - Methodology
700 ## - ADDED ENTRY--PERSONAL NAME
Personal name
--
856 ## - ELECTRONIC LOCATION AND ACCESS
Uniform Resource Identifier <a href="https://codolc.com/books/Legal_Reason_The_Use_Of_Analogy_In_Legal_Argument.pdf">https://codolc.com/books/Legal_Reason_The_Use_Of_Analogy_In_Legal_Argument.pdf</a>
942 ## - ADDED ENTRY ELEMENTS (KOHA)
Source of classification or shelving scheme Dewey Decimal Classification
Koha item type BOOKs
Holdings
Withdrawn status Lost status Damaged status Not for loan Home library Current library Shelving location Date acquired Cost, normal purchase price Total Checkouts Full call number Barcode Date last seen Price effective from Koha item type
        NLS NLS   30/05/2017 895.00   340.11 WEI 20293 30/05/2017 30/05/2017 BOOKs